Carregant...

Divergent /

Dades bibliogràfiques
Autor principal: Roth, Veronica
Format: Printed Book
Idioma:English
Publicat: London: HarperCollins, c2011.
Matèries:
LEADER 00538 a2200157 4500
008 150103s9999 000 0 eng
020 |a 9780007536726 
082 |a 813 
100 |a Roth, Veronica 
245 |a Divergent /  |c veronica Roth 
260 |a London:  |b HarperCollins,  |c c2011. 
300 |a 487 p. 
650 |a Courage-juvenile fiction 
942 |c BK 
999 |c 308768  |d 308768 
952 |0 0  |1 0  |2 ddc  |4 0  |6 813_000000000000000_ROT_DI  |7 0  |9 354336  |a DRA  |b DRA  |c ST1  |d 2018-03-02  |i 9970  |l 1  |o 813 ROT/DI  |p DRA9970  |r 2019-03-14  |s 2019-02-01  |v 399.00  |w 2019-01-03  |y BK